| 000 | 00676nam a2200205 a 4500 | ||
|---|---|---|---|
| 005 | 20210223124536.0 | ||
| 008 | 020117s1998 mx r 000 0 spa d | ||
| 020 | _a9701503570 | ||
| 035 | _aUPN01000114660 | ||
| 049 | _aCG | ||
| 050 | 4 |
_aQA76.76 O6.3 _bM4.7 |
|
| 100 | 1 | _aMediavilla Mauriz, Manuel | |
| 245 | 1 | 0 |
_aSeguridad en Unix / _cManuel Mediavilla Mauriz. |
| 260 |
_aMéxico : _bAlfaomega : _c1998. _bRAMA, |
||
| 300 |
_axiii, 222 p. + _e1 disquete 3 1/2 plg. |
||
| 500 | _a"Incluye disquete con código fuente de los programas del libro" | ||
| 650 | 4 |
_aUNIX (ARCHIVO PARA COMPUTADORA) _912670 |
|
| 650 | 4 |
_aSISTEMAS OPERATIVOS (COMPUTADORAS) _95927 |
|
| 905 | _aLibro | ||
| 999 |
_c88551 _d88551 |
||